000 00824cam a2200253 a 4500
999 _c9
_d9
001 (Sirsi) a948687
003 OSt
005 20190724085622.0
008 140515r20142003enk d 000 1 eng
020 _a9781408855690
_q(pbk.) :
040 _aStDuBDS
_beng
_cStDuBDS
_dUkOxU
_dTAE
042 _anbic
082 0 _aFIC ROW
100 1 _aRowling, J. K.
245 1 0 _aHarry Potter and the Order of the Phoenix /
_cJ.K. Rowling.
260 _aLondon :
_bBloomsbury,
_c2014.
300 _a799 p. ;
_c20 cm.
490 _aThe Harry Potter series
_v5
500 _aOriginally published: 2003.
600 1 0 _aPotter, Harry
_c(Fictitious character)
_vJuvenile fiction.
650 0 _aHogwarts School of Witchcraft and Wizardry (Imaginary organization).
_vJuvenile fiction.
650 0 _aWizards
_vJuvenile fiction.
942 _2ddc
_cFIC